000 00934nam a2200277 i 4500
001 bg
100 1 _aJędraszczak, Henryk.
245 1 0 _aCommunicative exercises in IMO standard marine vocabulary /
_cHenryk Jędraszczak, Jacek Roenig ; [Akademia Morska w Szczecinie].
246 3 _aCommunicative exercises in International Meteorological Organization standard marine vocabulary
250 _aWyd. 3, rzut 1.
260 _aSzczecin :
_bDział Wydawnictw Akademii Morskiej,
_c2006.
300 _a162, [1] s. :
_bil. ;
_c24 cm.
650 9 _aJęzyk angielski
650 9 _aTransport morski
_xterminologia
655 _aPodręczniki akademickie
700 1 _aRoenig, Jacek
015 _aPB 27402/2007
020 _a9788389901255
040 _cBPK
041 0 _aeng
_apol
044 _aPOL
080 _a811.111(075.8):656.61
920 _a978-83-89901-25-5
942 _cKS
008 070702s2006 pl a |000 0 eng
999 _c55058
_d55058
856 _uhttp://koha.tu.koszalin.pl/cgi-bin/koha/opac-detail.pl?biblionumber=55058
_yKatalog online BPK